[Event "SR 1. liga zapad 2014/2015"]
[Site "?"]
[Date "2015.03.15"]
[Round "11.2"]
[White "Balogh, Peter"]
[Black "Puskar, Peter"]
[Result "0-1"]
[WhiteElo "2028"]
[BlackElo "2051"]
[PlyCount "70"]
[EventDate "2014.??.??"]

1. e4 c5 2. Nf3 d6 3. d4 cxd4 4. Nxd4 Nf6 5. Nc3 a6 6. Bc4 e6 7. Bb3 Nbd7 8.
Be3 Nc5 9. f3 Be7 10. Qe2 O-O 11. O-O-O Qc7 12. g4 b5 13. h4 Bb7 14. h5 Nfd7
15. g5 b4 16. Nb1 Nxb3+ 17. axb3 d5 18. g6 Nc5 19. Rdg1 Bf6 20. Nd2 Rad8 21. e5
Bxe5 22. f4 Bf6 23. N2f3 Ne4 24. Ne5 Bxe5 25. fxe5 Bc8 26. Qg2 fxg6 27. hxg6 h6
28. Qh2 Qa5 29. Kb1 Rde8 30. Bxh6 Rf2 31. Qh3 gxh6 32. Qxh6 Nd2+ 33. Qxd2 Rxd2
34. g7 Kf7 35. Nc6 Qc5 0-1

[Event "SR 1. liga zapad 2014/2015"]
[Site "?"]
[Date "2015.03.15"]
[Round "11.2"]
[White "Bango, Lukas"]
[Black "Kosar, Mikulas"]
[Result "1-0"]
[WhiteElo "1917"]
[BlackElo "1820"]
[PlyCount "61"]
[EventDate "2014.??.??"]

1. c4 e5 2. Nc3 Nf6 3. g3 d6 4. Bg2 g6 5. e4 c6 6. Nge2 Be6 7. b3 Nbd7 8. Bb2
c5 9. O-O Bg7 10. h3 Nb6 11. a4 Nc8 12. f4 Ne7 13. Nd5 Bxd5 14. cxd5 Nd7 15. g4
f6 16. fxe5 fxe5 17. Kh2 Ng8 18. Nf4 Nf8 19. Ne6 Nxe6 20. dxe6 Nh6 21. Qe2 a6
22. b4 cxb4 23. d4 exd4 24. Qd2 Nxg4+ 25. hxg4 Qh4+ 26. Kg1 Be5 27. Rf3 Qh2+
28. Kf1 Rc8 29. Rc1 Rc5 30. Qxb4 Rxc1+ 31. Bxc1 1-0

[Event "SR 1. liga zapad 2014/2015"]
[Site "?"]
[Date "2015.03.15"]
[Round "11.3"]
[White "Borik, Juraj"]
[Black "Sosovicka, Juraj"]
[Result "1/2-1/2"]
[WhiteElo "2188"]
[BlackElo "2215"]
[PlyCount "67"]
[EventDate "2014.??.??"]

1. c4 e5 2. Nc3 Nf6 3. g3 d5 4. cxd5 Nxd5 5. Bg2 Nb6 6. Nf3 Nc6 7. O-O Be7 8.
d3 O-O 9. Be3 Be6 10. Nd2 Nd5 11. Nxd5 Bxd5 12. Bxd5 Qxd5 13. Qb3 Rfd8 14. Qxd5
Rxd5 15. Rfc1 Rd7 16. Nb3 Nd4 17. Bxd4 exd4 18. Nc5 Bxc5 19. Rxc5 Re8 20. Kf1
Re6 21. Rac1 c6 22. b4 g6 23. b5 cxb5 24. Rxb5 Ra6 25. Rc2 Kf8 26. Rb3 Ke7 27.
e3 Rad6 28. Ke2 h5 29. h4 Ra6 30. Rcb2 b6 31. Rb4 dxe3 32. fxe3 Ra3 33. R4b3
Ra4 34. Kf3 1/2-1/2

[Event "SR 1. liga zapad 2014/2015"]
[Site "?"]
[Date "2015.03.15"]
[Round "11.3"]
[White "Zetocha, Claudiu"]
[Black "Podoba, Milan"]
[Result "1-0"]
[WhiteElo "2307"]
[BlackElo "2131"]
[PlyCount "77"]
[EventDate "2014.??.??"]

1. c4 c6 2. Nc3 d5 3. d4 Nf6 4. Nf3 e6 5. cxd5 exd5 6. Bg5 h6 7. Bh4 Bf5 8. Qb3
Nbd7 9. g4 Be6 10. Qxb7 Rb8 11. Qxc6 Rxb2 12. Bxf6 gxf6 13. Bg2 Bb4 14. O-O
Bxc3 15. Qxc3 Rxe2 16. Nd2 Bxg4 17. Rfe1 Kf8 18. Rxe2 Bxe2 19. Re1 Bh5 20. Nf1
Nb6 21. Qa3+ Kg7 22. Qxa7 Qb8 23. Qa5 Qd6 24. Rb1 Rb8 25. Qc5 Qxc5 26. dxc5 Nd7
27. Rxb8 Nxb8 28. Bxd5 Na6 29. c6 Nc7 30. Ne3 Bg6 31. Bf3 Kf8 32. Nd5 Nxd5 33.
Bxd5 Ke7 34. Kg2 Kd6 35. Bf3 Bb1 36. a3 Bc2 37. Kg3 Bd3 38. Kf4 f5 39. Kg3 1-0

[Event "SR 1. liga zapad 2014/2015"]
[Site "?"]
[Date "2015.03.15"]
[Round "11.3"]
[White "Bombek, Peter"]
[Black "Havlicek, Libor"]
[Result "1-0"]
[WhiteElo "2156"]
[BlackElo "2278"]
[PlyCount "61"]
[EventDate "2014.??.??"]

1. e4 c5 2. c3 d5 3. exd5 Qxd5 4. d4 e6 5. Nf3 Nf6 6. Na3 cxd4 7. Nb5 Qd8 8.
Qxd4 Nd5 9. Nxa7 Bd7 10. Ne5 Be7 11. Nb5 O-O 12. Nxd7 Nxd7 13. Be2 Nc5 14. Qd1
Bf6 15. O-O Qb6 16. Qc2 Rfc8 17. Bd2 Na4 18. Rab1 Nb4 19. Qb3 Nc5 20. Qxb4 Ra4
21. Be3 Rxb4 22. cxb4 Qa6 23. Nc3 Nd3 24. b5 Qd6 25. Rfd1 Bxc3 26. Rxd3 Qb4 27.
Rc1 Qxb2 28. Rcxc3 Rf8 29. Bf1 Qxb5 30. Rc7 Ra8 31. Rd8+ 1-0

[Event "SR 1. liga zapad 2014/2015"]
[Site "?"]
[Date "2015.03.15"]
[Round "11.3"]
[White "Ruckschloss, Karol"]
[Black "Sukuba, Zdeno"]
[Result "1-0"]
[WhiteElo "2207"]
[BlackElo "2096"]
[PlyCount "77"]
[EventDate "2014.??.??"]

1. c4 e5 2. Nc3 Nf6 3. g3 d5 4. cxd5 Nxd5 5. Bg2 Nb6 6. Nf3 Nc6 7. O-O Be7 8.
b3 O-O 9. Bb2 f6 10. Rc1 Be6 11. d4 Nxd4 12. Nxd4 exd4 13. Nb5 c6 14. Nxd4 Bg4
15. h3 Bh5 16. Qc2 Bg6 17. e4 Re8 18. Rfd1 Qc8 19. h4 Bf8 20. Kh2 Qb8 21. Qe2
c5 22. Nb5 Kh8 23. h5 Bxe4 24. Bxe4 f5 25. h6 Rxe4 26. hxg7+ Bxg7 27. Bxg7+
Kxg7 28. Qf3 Re5 29. Nd6 Qf8 30. Qh5 Qf6 31. f4 Re6 32. Nxf5+ Kh8 33. Rd2 Rf8
34. Rxc5 Re1 35. Rc7 Qg6 36. Qxg6 hxg6 37. Nh4 Rg8 38. Rxb7 Re3 39. Rxa7 1-0

[Event "SR 1. liga zapad 2014/2015"]
[Site "?"]
[Date "2015.03.15"]
[Round "11.3"]
[White "Lazo, Juraj"]
[Black "Kovac, Andrej"]
[Result "1-0"]
[WhiteElo "2098"]
[BlackElo "2165"]
[PlyCount "55"]
[EventDate "2014.??.??"]

1. d4 Nf6 2. c4 c5 3. e3 e6 4. Nc3 Be7 5. Nf3 O-O 6. Be2 cxd4 7. exd4 d5 8. O-O
b6 9. cxd5 Nxd5 10. Nxd5 exd5 11. Bf4 Ba6 12. Rc1 Bxe2 13. Qxe2 Nd7 14. Rc7 Re8
15. Re1 Kf8 16. Qc2 Kg8 17. Qc6 Nf8 18. Rexe7 Rxe7 19. Rxe7 Ng6 20. Rd7 Qe8 21.
Be3 Rc8 22. Qxd5 Ne7 23. Qb7 Nf5 24. Ne5 Rb8 25. Qd5 Ne7 26. Qxf7+ Qxf7 27.
Nxf7 Kxf7 28. Bg5 1-0

[Event "SR 1. liga zapad 2014/2015"]
[Site "?"]
[Date "2015.03.15"]
[Round "11.3"]
[White "Hacik, Radomir"]
[Black "Pupak, Tomas"]
[Result "1/2-1/2"]
[WhiteElo "2143"]
[BlackElo "2022"]
[PlyCount "30"]
[EventDate "2014.??.??"]

1. e4 Nc6 2. d4 d5 3. Nc3 dxe4 4. Nxe4 Bf5 5. Ng3 Bg6 6. Bc4 e6 7. N1e2 Nf6 8.
O-O Nd7 9. f4 Nb6 10. Bb3 Qd7 11. Kh1 Be7 12. Be3 O-O 13. Qe1 Nd5 14. Bg1 b5
15. a3 a5 1/2-1/2

[Event "SR 1. liga zapad 2014/2015"]
[Site "?"]
[Date "2015.03.15"]
[Round "11.3"]
[White "Prasek, Ivan"]
[Black "Valent, Ivan"]
[Result "1/2-1/2"]
[WhiteElo "2042"]
[BlackElo "2214"]
[PlyCount "34"]
[EventDate "2014.??.??"]

1. e4 c5 2. Nf3 Nc6 3. d4 cxd4 4. Nxd4 e5 5. Nb5 d6 6. a4 Be6 7. N1c3 a6 8. Na3
Nf6 9. Bc4 Be7 10. O-O O-O 11. Re1 Rc8 12. Nd5 Bxd5 13. Bxd5 Nxd5 14. Qxd5 Bg5
15. c3 Bxc1 16. Raxc1 Qc7 17. Nc4 Rfd8 1/2-1/2

[Event "SR 1. liga zapad 2014/2015"]
[Site "?"]
[Date "2015.03.15"]
[Round "11.3"]
[White "Sulek, Viliam"]
[Black "Kutny, Marian"]
[Result "1/2-1/2"]
[WhiteElo "2043"]
[BlackElo "1938"]
[PlyCount "45"]
[EventDate "2014.??.??"]

1. e4 c5 2. Nf3 Nc6 3. d4 cxd4 4. Nxd4 e5 5. Nb5 a6 6. Nd6+ Bxd6 7. Qxd6 Qe7 8.
Qd1 Nf6 9. Nc3 b5 10. Bg5 Qe6 11. Bxf6 Qxf6 12. g3 Nd4 13. Bg2 Bb7 14. Nd5 Bxd5
15. exd5 O-O 16. c3 Nf5 17. O-O Nd6 18. a4 Rfb8 19. axb5 axb5 20. Qe2 Qf5 21.
Qe3 Nc4 22. Qc5 Rxa1 23. Rxa1 1/2-1/2

[Event "SR 1. liga zapad 2014/2015"]
[Site "?"]
[Date "2015.03.15"]
[Round "11.4"]
[White "Obona, Jan"]
[Black "Schwarz, Dusan"]
[Result "1/2-1/2"]
[WhiteElo "2166"]
[BlackElo "2339"]
[PlyCount "45"]
[EventDate "2014.??.??"]

1. Nf3 d5 2. c4 d4 3. g3 Nc6 4. Bg2 e5 5. d3 Nf6 6. O-O Nd7 7. e3 Be7 8. exd4
exd4 9. Na3 Nc5 10. Nc2 a5 11. Re1 Bg4 12. Bf4 Ne6 13. Qd2 O-O 14. Ne5 Nxe5 15.
Bxe5 Bf6 16. a3 c6 17. b4 axb4 18. Qxb4 Bxe5 19. Rxe5 f6 20. Rxe6 Bxe6 21. Qxb7
Rb8 22. Qxc6 Rb6 23. Qc5 1/2-1/2

[Event "SR 1. liga zapad 2014/2015"]
[Site "?"]
[Date "2015.03.15"]
[Round "11.4"]
[White "Federic, Jozef"]
[Black "Chovanec, Milan"]
[Result "1-0"]
[WhiteElo "2305"]
[BlackElo "2143"]
[PlyCount "129"]
[EventDate "2014.??.??"]

1. d4 Nf6 2. Nf3 e6 3. g3 d5 4. Bg2 Be7 5. O-O O-O 6. c4 c6 7. Nc3 b6 8. Qa4
Bb7 9. Rd1 Nbd7 10. Bg5 a6 11. cxd5 cxd5 12. Rac1 Rc8 13. e3 h6 14. Bxf6 Bxf6
15. Qb3 Qe7 16. Ne2 Qd6 17. Nf4 Rxc1 18. Rxc1 Rc8 19. Rxc8+ Bxc8 20. Qc2 Bb7
21. Bf1 Bd8 22. Bd3 Qc7 23. Qd2 a5 24. Bb5 Nf6 25. Ne5 Be7 26. Qe2 Bd6 27. Nfd3
Qc8 28. Kg2 Ba6 29. Bxa6 Qxa6 30. Nxf7 Bc7 31. Nfe5 Bxe5 32. dxe5 Ne4 33. Nf4
Qxe2 34. Nxe2 Kf7 35. Nd4 Nc5 36. f4 a4 37. b3 axb3 38. axb3 b5 39. b4 Nd3 40.
Nc2 g5 41. Kf3 Kg6 42. Ke2 Nc1+ 43. Kd2 Na2 44. Kd3 Kf5 45. Kd4 g4 46. Kd3 Kg6
47. e4 dxe4+ 48. Kxe4 h5 49. Nd4 Kf7 50. Nxb5 Nxb4 51. f5 exf5+ 52. Kxf5 Nc6
53. Ke4 Ne7 54. Nd4 Kg6 55. Ne2 Kg5 56. Nf4 h4 57. Ne6+ Kh5 58. Kf4 Nd5+ 59.
Kf5 hxg3 60. hxg3 Ne7+ 61. Kf6 Ng8+ 62. Kg7 Ne7 63. Nd4 Kg5 64. e6 Ng6 65. Nc6
1-0

[Event "SR 1. liga zapad 2014/2015"]
[Site "?"]
[Date "2015.03.15"]
[Round "11.4"]
[White "Matejovic, Juraj"]
[Black "Mikusik, Marian"]
[Result "1-0"]
[WhiteElo "2203"]
[BlackElo "2110"]
[PlyCount "63"]
[EventDate "2014.??.??"]

1. e4 d6 2. d4 Nd7 3. Nc3 c5 4. Nf3 e6 5. Be2 a6 6. a4 Ngf6 7. O-O Qc7 8. a5
cxd4 9. Qxd4 h6 10. h3 Be7 11. Rd1 O-O 12. Be3 Rd8 13. Nd2 Ne8 14. Nc4 Qc6 15.
Qd2 Nc5 16. Nb6 Rb8 17. Bf3 e5 18. Ncd5 Bf8 19. Bxc5 Qxc5 20. Ra4 Be6 21. Rc4
Qb5 22. Be2 Qxb2 23. Rb4 Qa2 24. Ra4 Qb2 25. Rb4 Qa2 26. Nc4 Bxd5 27. exd5 e4
28. Qe1 e3 29. fxe3 Nf6 30. Rd4 Re8 31. Bd3 Nd7 32. Rb2 1-0

[Event "SR 1. liga zapad 2014/2015"]
[Site "?"]
[Date "2015.03.15"]
[Round "11.4"]
[White "Skrabakova, Katarina"]
[Black "Banas, Kamil"]
[Result "0-1"]
[WhiteElo "2010"]
[BlackElo "2213"]
[PlyCount "76"]
[EventDate "2014.??.??"]

1. e4 c5 2. Nc3 Nc6 3. f4 e6 4. Nf3 a6 5. d3 d5 6. g3 d4 7. Nb1 Qc7 8. Bg2 e5
9. O-O Bd6 10. fxe5 Nxe5 11. Nxe5 Bxe5 12. Nd2 Be6 13. Nf3 Bg4 14. Qe1 Bxf3 15.
Rxf3 Ne7 16. Qf2 O-O 17. Bd2 f6 18. Bh3 Qb6 19. b3 Qd6 20. Rf1 Nc6 21. Bf4 b5
22. Bf5 Ra7 23. Qg2 Re7 24. g4 g6 25. g5 Bxf4 26. Rxf4 Ref7 27. Bh3 Ne5 28.
R1f2 fxg5 29. Qxg5 Rxf4 30. Rxf4 Nf3+ 31. Rxf3 Rxf3 32. Bf5 Kg7 33. Kg2 Qf4 34.
Qe7+ Kh6 35. Qf8+ Kh5 36. Bxg6+ Kxg6 37. Qg8+ Kh6 38. Qe6+ Qf6 0-1

[Event "SR 1. liga zapad 2014/2015"]
[Site "?"]
[Date "2015.03.15"]
[Round "11.4"]
[White "Klemanic, Emil"]
[Black "Budaj, Peter"]
[Result "1-0"]
[WhiteElo "2160"]
[BlackElo "2068"]
[PlyCount "49"]
[EventDate "2014.??.??"]

1. e4 e6 2. d3 d5 3. Nd2 Nf6 4. Ngf3 dxe4 5. dxe4 Bc5 6. Be2 Nc6 7. O-O e5 8.
c3 O-O 9. b4 Bb6 10. b5 Na5 11. Qa4 Re8 12. Nc4 Nxc4 13. Bxc4 Be6 14. Ng5 Bxc4
15. Qxc4 Qe7 16. a4 c6 17. bxc6 Rac8 18. Ba3 Qc7 19. a5 Bxa5 20. Bd6 Qxd6 21.
Qxf7+ Kh8 22. cxb7 Rb8 23. Qxe8+ Nxe8 24. Nf7+ Kg8 25. Nxd6 1-0

[Event "SR 1. liga zapad 2014/2015"]
[Site "?"]
[Date "2015.03.15"]
[Round "11.4"]
[White "Capak, Stefan"]
[Black "Mydlarik, Martin"]
[Result "1/2-1/2"]
[WhiteElo "2063"]
[BlackElo "2138"]
[PlyCount "31"]
[EventDate "2014.??.??"]

1. d4 Nf6 2. Nf3 d5 3. c4 e6 4. Bg5 Be7 5. Nc3 Nbd7 6. e3 h6 7. Bh4 a6 8. cxd5
exd5 9. Bd3 c6 10. O-O Ne4 11. Bxe7 Qxe7 12. Qc2 f5 13. Rae1 O-O 14. Nd2 Ndf6
15. Nf3 Be6 16. Ne5 1/2-1/2

[Event "SR 1. liga zapad 2014/2015"]
[Site "?"]
[Date "2015.03.15"]
[Round "11.1"]
[White "Gazik, Viktor"]
[Black "Pacher, Milan"]
[Result "0-1"]
[WhiteElo "2291"]
[BlackElo "2431"]
[PlyCount "126"]
[EventDate "2014.??.??"]

1. g3 e5 2. Bg2 d5 3. d3 c5 4. Nf3 Nc6 5. O-O Nf6 6. c4 d4 7. a3 a5 8. e3 Be7
9. exd4 exd4 10. Re1 O-O 11. Bg5 h6 12. Bxf6 Bxf6 13. Nbd2 Bf5 14. Ne4 Be7 15.
Nfd2 Qd7 16. Qh5 Rae8 17. Nb3 Bxe4 18. Rxe4 b6 19. Rae1 Bf6 20. Nd2 Nd8 21. Qd5
Rxe4 22. Nxe4 Qe7 23. f4 g6 24. Kf2 Bg7 25. Qd6 Qxd6 26. Nxd6 Ne6 27. Bh3 g5
28. f5 Nd8 29. Bg2 g4 30. Bd5 h5 31. Kg2 Bf6 32. b3 Kh7 33. Re4 Kh6 34. h3
gxh3+ 35. Kxh3 Kg5 36. Re2 Kh6 37. Kg2 Bg5 38. Re4 Bc1 39. a4 Bg5 40. Ne8 Rh8
41. Kh3 Rh7 42. Nd6 Kg7 43. Re8 Rh8 44. Re4 Rh6 45. f6+ Kxf6 46. Re8 Ne6 47.
Bxe6 fxe6 48. Rb8 Rg6 49. Rxb6 h4 50. Ne4+ Kf5 51. gxh4 Bf4 52. Rb5 Rg1 53.
Rxc5+ e5 54. Rc6 Rh1+ 55. Kg2 Rh2+ 56. Kf3 Rh3+ 57. Kf2 Rxd3 58. Nd6+ Kg4 59.
c5 Rd2+ 60. Ke1 Kf3 61. Nc4 Rc2 62. Nxe5+ Bxe5 63. Kd1 d3 0-1

[Event "SR 1. liga zapad 2014/2015"]
[Site "?"]
[Date "2015.03.15"]
[Round "11.2"]
[White "Koval, Maros"]
[Black "Dobrotka, Martin"]
[Result "1/2-1/2"]
[WhiteElo "2098"]
[BlackElo "2189"]
[PlyCount "190"]
[EventDate "2014.??.??"]

1. d4 Nf6 2. Nf3 g6 3. c4 Bg7 4. Nc3 d6 5. e4 O-O 6. Be2 e5 7. O-O Nc6 8. d5
Ne7 9. Nd2 Ne8 10. b4 f5 11. f3 f4 12. a4 g5 13. c5 Rf6 14. Nc4 h5 15. g4 Rh6
16. h3 Ng6 17. Kg2 Nh4+ 18. Kf2 Bf8 19. Ba3 Qf6 20. Rg1 Qh8 21. Ke1 hxg4 22.
hxg4 Ng6 23. Kd2 Rh2 24. Kc2 Qh3 25. Kb3 a5 26. cxd6 axb4 27. Bxb4 cxd6 28. Nb6
Rb8 29. Rh1 Be7 30. Rxh2 Qxh2 31. Nb5 Qf2 32. Nc4 Bd7 33. Rc1 Bxb5 34. axb5 Nh4
35. Rc2 Kf7 36. Qd3 Ra8 37. Bd1 Qa7 38. Nb2 Qa2+ 39. Kc3 Nc7 40. Kd2 Ne8 41.
Nc4 Qb1 42. Rb2 Qxd3+ 43. Kxd3 Ra1 44. Kd2 Ra8 45. Na5 Rb8 46. Be2 Ng2 47. Ra2
Ne3 48. Ra1 Bd8 49. Nb3 Ke7 50. Rh1 Bb6 51. Rh7+ Kd8 52. Rh5 Ra8 53. Nc1 Ra4
54. Bc3 Bd4 55. Rxg5 Nc4+ 56. Bxc4 Rxc4 57. Bxd4 Rxd4+ 58. Nd3 Kc7 59. Rg8 Nf6
60. Rg6 Ne8 61. g5 Kb6 62. Rg8 Nc7 63. g6 Ra4 64. Nc1 Rd4+ 65. Ke1 Rc4 66. Ne2
Nxb5 67. Ng1 Rc7 68. Nh3 Kc5 69. Ng5 Nd4 70. g7 Kb4 71. Kf2 b5 72. Nh7 Rc2+ 73.
Kf1 Rc7 74. Nf6 Nxf3 75. Ne8 Nd2+ 76. Ke2 Nxe4 77. Rf8 Rxg7 78. Nxg7 Nc3+ 79.
Kf3 Nxd5 80. Nf5 Kc3 81. Nxd6 b4 82. Rc8+ Kd3 83. Rb8 Kc2 84. Ke4 b3 85. Kxd5
f3 86. Nc4 Kc3 87. Rf8 e4 88. Kxe4 Kxc4 89. Rc8+ Kb4 90. Kxf3 b2 91. Ke3 Kb3
92. Rb8+ Kc2 93. Rc8+ Kb3 94. Rb8+ Kc2 95. Rc8+ Kb3 1/2-1/2

[Event "SR 1. liga zapad 2014/2015"]
[Site "?"]
[Date "2015.03.15"]
[Round "11.3"]
[White "Kaniansky, Miroslav"]
[Black "Bojda, Lubomir"]
[Result "1/2-1/2"]
[WhiteElo "2194"]
[BlackElo "2167"]
[PlyCount "95"]
[EventDate "2014.??.??"]

1. d4 Nf6 2. Nf3 c5 3. c4 cxd4 4. Nxd4 Nc6 5. Nc3 g6 6. e4 d6 7. Be2 Bg7 8. Be3
O-O 9. O-O Bd7 10. Nc2 Rc8 11. f3 a6 12. Qd2 Re8 13. Rac1 Ne5 14. b3 b5 15.
cxb5 Nh5 16. Nd4 axb5 17. Ncxb5 f5 18. Rxc8 Bxc8 19. Rc1 fxe4 20. Nc7 exf3 21.
Nxe8 Qxe8 22. Nxf3 Ng4 23. Bg5 h6 24. Bh4 g5 25. Be1 Nf4 26. Bc4+ Kh8 27. h3
Nf6 28. Qe3 e5 29. Bb5 Bd7 30. Bxd7 Qxd7 31. Bg3 e4 32. Bxf4 gxf4 33. Qxf4 exf3
34. Qxf3 d5 35. Qc3 Qa7+ 36. Kh1 Qxa2 37. Ra1 Qf2 38. Ra8+ Kh7 39. Qd3+ Ne4 40.
Qxd5 Qf1+ 41. Kh2 Qf4+ 42. Kg1 Qe3+ 43. Kh2 Qg3+ 44. Kg1 Qe3+ 45. Kh2 Qf4+ 46.
Kg1 Qc1+ 47. Kh2 Qc7+ 48. Kg1 1/2-1/2

[Event "SR 1. liga zapad 2014/2015"]
[Site "?"]
[Date "2015.03.15"]
[Round "11.4"]
[White "Polacik, Igor"]
[Black "Hanko, Pavol"]
[Result "0-1"]
[WhiteElo "2173"]
[BlackElo "2133"]
[PlyCount "76"]
[EventDate "2014.??.??"]

1. e4 c5 2. Nf3 e6 3. b3 Nc6 4. Bb2 d6 5. Na3 Nf6 6. e5 dxe5 7. Nxe5 Nxe5 8.
Bxe5 a6 9. Nc4 b5 10. Ne3 Bb7 11. Bd3 Nd5 12. Qf3 Ra7 13. Nxd5 Bxd5 14. Be4 f6
15. Bf4 Bxe4 16. Qxe4 Qd4 17. Qxd4 cxd4 18. Bg3 Ba3 19. Ke2 Kf7 20. Kd3 Rc8 21.
Rae1 e5 22. f4 Rac7 23. fxe5 Rxc2 24. exf6 gxf6 25. Re4 Rxa2 26. Rxd4 Rb2 27.
Bf4 Rxb3+ 28. Ke2 a5 29. Rf1 Re8+ 30. Be3 a4 31. Rh4 Rh8 32. Bd4 Re8+ 33. Be3
Bc5 34. Rxh7+ Kg8 35. Rh3 Bd4 36. Rf4 Be5 37. Rg4+ Kf7 38. Rh7+ Ke6 0-1

[Event "SR 1. liga zapad 2014/2015"]
[Site "?"]
[Date "2015.03.15"]
[Round "11.5"]
[White "Gazikova, Veronika"]
[Black "Riabov, Alexander"]
[Result "1-0"]
[WhiteElo "2148"]
[BlackElo "2072"]
[PlyCount "71"]
[EventDate "2014.??.??"]

1. e4 e5 2. Nf3 Nf6 3. Nxe5 d6 4. Nf3 Nxe4 5. d4 d5 6. Bd3 Nc6 7. O-O Be7 8. c4
Nb4 9. Be2 dxc4 10. Bxc4 Nd5 11. Re1 Nef6 12. Nc3 Nxc3 13. bxc3 O-O 14. Ne5 c6
15. Bg5 Nd5 16. Bxe7 Nxe7 17. Rb1 Nd5 18. Qf3 Qd6 19. Rb3 a6 20. Nd3 b5 21.
Bxd5 Qxd5 22. Qxd5 cxd5 23. Rb2 Bf5 24. Nc5 Rfe8 25. Rbe2 Rxe2 26. Rxe2 a5 27.
Rb2 Rb8 28. a4 b4 29. cxb4 axb4 30. Na6 Ra8 31. Rxb4 Bc8 32. Nc7 Ra7 33. Nxd5
Bb7 34. f3 f5 35. Nb6 Ra5 36. Nc4 1-0

[Event "SR 1. liga zapad 2014/2015"]
[Site "?"]
[Date "2015.03.15"]
[Round "11.6"]
[White "Chlpik, Martin"]
[Black "Detko, Jan"]
[Result "1-0"]
[WhiteElo "2072"]
[BlackElo "2165"]
[PlyCount "121"]
[EventDate "2014.??.??"]

1. d4 Nf6 2. Bf4 c5 3. e3 e6 4. Nf3 d5 5. h3 Nc6 6. c3 Bd6 7. Ne5 Qc7 8. Nd3 c4
9. Bxd6 Qxd6 10. Nf4 e5 11. dxe5 Nxe5 12. Na3 Qc5 13. Nh5 O-O 14. Nxf6+ gxf6
15. Qd4 Qxd4 16. exd4 Ng6 17. g3 Bf5 18. Bg2 Rfe8+ 19. Kd2 Rad8 20. Nb5 Re6 21.
Na3 Rb6 22. Kc1 Kf8 23. Nc2 Bxc2 24. Kxc2 Ke7 25. Rhe1+ Re6 26. h4 Kd6 27. Bh3
Rxe1 28. Rxe1 Ne7 29. Re3 Rg8 30. Rf3 Rg6 31. h5 Rh6 32. Rf4 Ng8 33. Rh4 Ne7
34. g4 f5 35. gxf5 Ng8 36. f3 Ke7 37. b3 b5 38. Bg4 Ra6 39. Kb2 Kf6 40. Rh2 Rd6
41. Re2 Ne7 42. Re5 Rd8 43. f4 Nc6 44. h6 a5 45. bxc4 bxc4 46. Ka3 Nxe5 47.
dxe5+ Ke7 48. f6+ Kf8 49. f5 d4 50. e6 Rd6 51. Kb2 d3 52. Kc1 a4 53. a3 Rb6 54.
Bh3 Rc6 55. Bg4 Rb6 56. Kd2 Rc6 57. Ke3 Rd6 58. Ke4 fxe6 59. fxe6 d2 60. e7+
Kf7 61. Bh5+ 1-0

[Event "SR 1. liga zapad 2014/2015"]
[Site "?"]
[Date "2015.03.15"]
[Round "11.7"]
[White "Reisel, Frantisek"]
[Black "Janco, Darius"]
[Result "1-0"]
[WhiteElo "1992"]
[BlackElo "2054"]
[PlyCount "71"]
[EventDate "2014.??.??"]

1. d4 Nf6 2. c4 c5 3. d5 g6 4. Nc3 Bg7 5. e4 O-O 6. f3 e6 7. Be3 d6 8. Qd2 exd5
9. cxd5 Re8 10. Nge2 a6 11. a4 Nbd7 12. Ng3 Qa5 13. Ra3 Ne5 14. Be2 c4 15. O-O
h5 16. Rc1 Nfd7 17. Nd1 Qxd2 18. Bxd2 h4 19. Nf1 Nd3 20. Bxd3 cxd3 21. Rxd3 Ne5
22. Rb3 h3 23. a5 f5 24. Nf2 hxg2 25. Kxg2 Rb8 26. Rb6 Nf7 27. Bc3 Bh6 28. Re1
Kh7 29. Nd2 Bg5 30. Nc4 Bd8 31. Nxd6 Nxd6 32. Rxd6 Be7 33. Rb6 Bc5 34. Rb3 Bd7
35. Nd3 Ba7 36. Be5 1-0

[Event "SR 1. liga zapad 2014/2015"]
[Site "?"]
[Date "2015.03.15"]
[Round "11.8"]
[White "Marko, Anton"]
[Black "Mikus, Teodor"]
[Result "1-0"]
[WhiteElo "2092"]
[BlackElo "1895"]
[PlyCount "59"]
[EventDate "2014.??.??"]

1. c4 c5 2. Nc3 Nc6 3. g3 g6 4. Bg2 Bg7 5. Nf3 Nf6 6. d4 cxd4 7. Nxd4 O-O 8.
O-O Qb6 9. e3 d6 10. h3 Be6 11. Nxe6 fxe6 12. Rb1 a6 13. Bd2 Qc7 14. Qe2 Rad8
15. Rfc1 Qb8 16. h4 Rc8 17. Bh3 Nd8 18. b4 Rc7 19. b5 Qc8 20. bxa6 bxa6 21. Nd5
Ra7 22. Nf4 Ne4 23. Ba5 Nc5 24. Bb6 Rb7 25. Bxc5 Rxb1 26. Rxb1 dxc5 27. Qd3 Be5
28. Nxe6 Nxe6 29. Qd5 Qc7 30. Rb7 1-0

[Event "SR 1. liga zapad 2014/2015"]
[Site "?"]
[Date "2015.03.15"]
[Round "11.6"]
[White "Maslik, Miroslav"]
[Black "Ondrus, Martin"]
[Result "1/2-1/2"]
[WhiteElo "2365"]
[BlackElo "2320"]
[PlyCount "123"]
[EventDate "2014.??.??"]

1. d4 Nf6 2. Nf3 d5 3. c4 e6 4. g3 dxc4 5. Bg2 Nc6 6. Qa4 Nd7 7. Qxc4 Nb6 8.
Qd3 Nb4 9. Qd1 c5 10. O-O cxd4 11. Nxd4 e5 12. Nb5 a6 13. Qxd8+ Kxd8 14. Rd1+
Bd7 15. Be3 Nc4 16. Bh3 axb5 17. Rxd7+ Ke8 18. Nc3 Nxe3 19. fxe3 Rd8 20. Rad1
Rxd7 21. Rxd7 Bc5 22. Nxb5 g6 23. Rxb7 Kf8 24. Kf2 Nxa2 25. Nc7 Nb4 26. Be6 Nc2
27. Bb3 Nxe3 28. Na6 Bd4 29. Rxf7+ Ke8 30. Nc7+ Kd8 31. Ne6+ Kc8 32. Nxd4 exd4
33. Be6+ Kb8 34. b4 Nd1+ 35. Kf3 Nc3 36. Bd7 Kc7 37. b5 Kb6 38. Rf6+ Kc5 39.
Rc6+ Kd5 40. Be6+ Ke5 41. b6 Rf8+ 42. Kg2 Rb8 43. e3 Nd5 44. exd4+ Kxd4 45. Rd6
Rxb6 46. Rxd5+ Ke4 47. Bg8 Rb8 48. Rd7 Rxg8 49. Rxh7 Kf5 50. Rf7+ Kg5 51. h4+
Kh6 52. g4 Ra8 53. Kg3 Ra3+ 54. Rf3 Ra4 55. Re3 Rb4 56. Kf3 Ra4 57. Re7 Ra3+
58. Kf4 Ra4+ 59. Re4 Ra5 60. Ke3 Ra3+ 61. Kd4 Rh3 62. h5 1/2-1/2

[Event "SR 1. liga zapad 2014/2015"]
[Site "?"]
[Date "2015.03.15"]
[Round "11.6"]
[White "Chovan, Milan"]
[Black "Kijac, Miroslav"]
[Result "1/2-1/2"]
[WhiteElo "2093"]
[BlackElo "2145"]
[PlyCount "66"]
[EventDate "2014.??.??"]

1. e4 e6 2. d4 d5 3. Nc3 Nf6 4. e5 Nfd7 5. f4 c5 6. Nf3 Nc6 7. Be3 a6 8. Qd2 b5
9. a3 Qb6 10. dxc5 Bxc5 11. Bxc5 Qxc5 12. Qf2 Bb7 13. Bd3 Qxf2+ 14. Kxf2 Nc5
15. b4 Nd7 16. Rhb1 Rc8 17. Rb3 Ke7 18. a4 bxa4 19. Nxa4 f6 20. Nc5 Nxc5 21.
bxc5 Rc7 22. Bxa6 Bxa6 23. Rxa6 Rhc8 24. Rbb6 Nd8 25. Nd4 Rxc5 26. exf6+ Kxf6
27. Kg3 Kf7 28. Kg4 Rc4 29. Nxe6 Nxe6 30. Rxe6 Rxc2 31. g3 Rxh2 32. Red6 Rc7
33. Rxd5 Rhc2 1/2-1/2

[Event "SR 1. liga zapad 2014/2015"]
[Site "?"]
[Date "2015.03.15"]
[Round "11.6"]
[White "Pytlik, Pavol"]
[Black "Kalisky, Vladimir"]
[Result "0-1"]
[WhiteElo "2027"]
[BlackElo "2268"]
[PlyCount "88"]
[EventDate "2014.??.??"]

1. e4 c5 2. Nc3 e6 3. f4 a6 4. Nf3 d5 5. d3 Nc6 6. g3 Be7 7. Bg2 dxe4 8. Nxe4
Nf6 9. O-O O-O 10. h3 Rb8 11. Be3 c4 12. c3 cxd3 13. Nxf6+ Bxf6 14. Ne1 d2 15.
Nf3 b5 16. Rf2 Na5 17. Rxd2 Qc7 18. Bd4 Nc4 19. Re2 Rd8 20. Qe1 Bb7 21. Bxf6
gxf6 22. Kh2 a5 23. Qf2 Rd7 24. Rae1 Rbd8 25. Nh4 a4 26. a3 Bxg2 27. Nxg2 Rd2
28. Rxd2 Rxd2 29. Re2 Rxe2 30. Qxe2 Qc6 31. Qg4+ Kf8 32. Qe2 Qd5 33. Qf2 Kg7
34. Ne1 Qe4 35. Nf3 Nxb2 36. Qxb2 Qxf3 37. h4 Qd3 38. Kh3 Kg6 39. Kg4 Qd1+ 40.
Kh3 Qh1+ 41. Qh2 Qxh2+ 42. Kxh2 Kf5 43. Kh3 e5 44. fxe5 fxe5 0-1

[Event "SR 1. liga zapad 2014/2015"]
[Site "?"]
[Date "2015.03.15"]
[Round "11.6"]
[White "Szucs, Vladimir"]
[Black "Masarik, Drahoslav"]
[Result "1/2-1/2"]
[WhiteElo "2228"]
[BlackElo "2022"]
[PlyCount "92"]
[EventDate "2014.??.??"]

1. Nf3 Nf6 2. c4 c5 3. Nc3 Nc6 4. g3 d5 5. cxd5 Nxd5 6. Bg2 Nc7 7. d3 e5 8. Be3
Rb8 9. O-O Be7 10. a3 O-O 11. Rc1 Bd7 12. Nd2 Nd4 13. f4 Nf5 14. Bf2 exf4 15.
gxf4 Nh4 16. Bh1 Bh3 17. Re1 Qd6 18. Nce4 Qxf4 19. Bg3 Qe3+ 20. Nf2 Nf5 21. Nc4
Qh6 22. Bxc7 Qg5+ 23. Bg3 Nxg3 24. Nxh3 Nxe2+ 25. Kf1 Qxc1 26. Qxc1 Nxc1 27.
Rxc1 Rfd8 28. Nf2 Rd4 29. Na5 Bh4 30. Nxb7 Bxf2 31. Kxf2 Rxd3 32. Rc2 Rb3 33.
Rxc5 Rxb2+ 34. Ke3 Rxh2 35. Bd5 g6 36. Rc7 Rh3+ 37. Kf4 Rxa3 38. Nd6 Rb4+ 39.
Ne4 Ra5 40. Ke5 Rxd5+ 41. Kxd5 a5 42. Nf6+ Kg7 43. Ne8+ Kf8 44. Nd6 Rf4 45. Ra7
a4 46. Ke5 Rf1 1/2-1/2